Výzvy managementu pro 21. století

Salvato in:
Dettagli Bibliografici
Autore principale: Drucker, Peter F (Autore)
Natura: Libro
Lingua:slovacco
Pubblicazione: Praha : Management Press, Profit, a.s, 2000
Edizione:1. vyd.
Tags: Aggiungi Tag
Nessun Tag, puoi essere il primo ad aggiungerne!!

MARC

LEADER 00000nam a22000003a 4500
001 stu54980
005 20150617225658.5
008 000907s2000----xo------------------slo-d
020 |a 80-7261-021-X 
040 |a STU  |b slo 
041 0 |a slo 
044 |a xo 
080 |a 658.012.4 
100 1 |a Drucker, Peter F  |4 aut 
245 1 |a Výzvy managementu pro 21. století 
250 |a 1. vyd. 
260 |a Praha :  |b Management Press, Profit, a.s,  |c 2000 
300 |a 187 s 
996 |b 284J002797  |c J*97049  |l JJSK  |s A  |a 24  |w stu54980_0001